[Event "Ostrava Konik op-B"]
[Site "Ostrava"]
[Date "2012.04.29"]
[Round "2"]
[White "Pecha, Vladan"]
[Black "Trombik, Karel"]
[Result "0-1"]
[WhiteElo "1773"]
[BlackElo "1989"]
[PlyCount "62"]
[EventDate "2012.04.28"]
[EventType "swiss"]
[EventRounds "9"]
[EventCountry "CZE"]
[SourceTitle "CBM 148 Extra"]
[Source "ChessBase"]
[SourceDate "2012.06.22"]
[SourceVersion "1"]
[SourceVersionDate "2012.06.22"]
[SourceQuality "1"]

1. e4 Nf6 2. e5 Nd5 3. d4 d6 4. c4 Nb6 5. exd6 exd6 6. Be2 Be7 7. Be3 Bf5 8. Nf3 0-0 9. 0-0 Bf6 10. Nc3 Nc6 11. Re1 h6 12. Rc1 Re8 13. a3 Bg6 14. b4 Ne7 15. c5 Nbd5 16. cxd6 Qxd6 17. Nb5 Qd8 18. Ne5 c6 19. Nc3 Nxc3 20. Rxc3 Nd5 21. Rb3 Bxe5 22. dxe5 Rxe5 23. Bd4 Re7 24. Bc5 Re6 25. Rg3 Qe8 26. Kf1 Rd8 27. Qc1 b6 28. Rxg6 fxg6 29. Bd4 Kh7 30. Qb2 Qe7 31. Bc3 Re8 0-1

[Event "Tatry op"]
[Site "Tatranske Zruby"]
[Date "2011.09.30"]
[Round "7"]
[White "Pecha, Vladan"]
[Black "Taborska, Veronika"]
[Result "0-1"]
[WhiteElo "1786"]
[BlackElo "2024"]
[PlyCount "92"]
[EventDate "2011.09.25"]
[EventType "swiss"]
[EventRounds "9"]
[EventCountry "SVK"]
[SourceTitle "CBM 144 Extra"]
[Source "ChessBase"]
[SourceDate "2011.10.28"]
[SourceVersion "1"]
[SourceVersionDate "2011.10.28"]
[SourceQuality "1"]

1. e4 d6 2. d4 Nf6 3. Nc3 c6 4. a4 g6 5. Bc4 Nxe4 6. Bxf7+ Kxf7 7. Nxe4 Bg7 8. Ng5+ Ke8 9. Ne2 Na6 10. c3 h6 11. Ne4 d5 12. N4g3 Qd6 13. Qc2 Rf8 14. 0-0 Bg4 15. h3 Bxe2 16. Nxe2 Kd7 17. b4 Nc7 18. b5 cxb5 19. Ba3 Qc6 20. Rfe1 Rae8 21. Bb4 a6 22. a5 Rf7 23. Bc5 e5 24. Rad1 e4 25. Nc1 g5 26. Qe2 Qe6 27. Qh5 Qf5 28. Rf1 Ne6 29. Qe2 Nf4 30. Qg4 Qxg4 31. hxg4 h5 32. gxh5 Nxh5 33. Nb3 g4 34. Bb4 Kc6 35. Rde1 Bh6 36. Nc1 Bxc1 37. Rxc1 Nf4 38. Rc2 Nd3 39. Ba3 Rh8 40. Rd1 Rfh7 41. Kf1 Rh1+ 42. Ke2 Rxd1 43. Kxd1 Rh1+ 44. Ke2 Rh2 45. Kf1 Rh1+ 46. Ke2 Nf4+ 0-1

[Event "Tatry op"]
[Site "Tatranske Zruby"]
[Date "2011.09.29"]
[Round "6"]
[White "Kebis, Milos"]
[Black "Pecha, Vladan"]
[Result "1-0"]
[WhiteElo "2008"]
[BlackElo "1786"]
[PlyCount "57"]
[EventDate "2011.09.25"]
[EventType "swiss"]
[EventRounds "9"]
[EventCountry "SVK"]
[SourceTitle "CBM 144 Extra"]
[Source "ChessBase"]
[SourceDate "2011.10.28"]
[SourceVersion "1"]
[SourceVersionDate "2011.10.28"]
[SourceQuality "1"]

1. Nf3 f5 2. c4 Nf6 3. Nc3 e6 4. g3 c6 5. Bg2 d5 6. cxd5 exd5 7. d4 Bd6 8. 0-0 0-0 9. Qc2 Ne4 10. Nd2 Nxc3 11. bxc3 f4 12. e4 fxe3 13. fxe3 Rxf1+ 14. Nxf1 Qf6 15. e4 Qg6 16. Qb3 Nd7 17. exd5 c5 18. dxc5 Nxc5 19. Qc4 b6 20. Bf4 Ba6 21. Qd4 Ne6 22. dxe6 Bc5 23. Bxa8 Bxd4+ 24. cxd4 Qxe6 25. Ne3 Qc8 26. Bd5+ Kh8 27. Bf3 Qc3 28. Rd1 Bc4 29. d5 1-0

[Event "Ostrava Konik op-B"]
[Site "Ostrava"]
[Date "2011.05.05"]
[Round "6"]
[White "Zemkova, Klara"]
[Black "Pecha, Vladan"]
[Result "1/2-1/2"]
[WhiteElo "1491"]
[BlackElo "1810"]
[PlyCount "93"]
[EventDate "2011.04.30"]
[EventType "swiss"]
[EventRounds "9"]
[EventCountry "CZE"]
[SourceTitle "CBM 142 Extra"]
[Source "ChessBase"]
[SourceDate "2011.06.27"]
[SourceVersion "1"]
[SourceVersionDate "2011.06.27"]
[SourceQuality "1"]

1. e4 e5 2. Nf3 Nc6 3. Nc3 Nf6 4. d4 exd4 5. Nxd4 Be7 6. Nxc6 bxc6 7. Bd3 d5 8. exd5 cxd5 9. 0-0 0-0 10. Bg5 h6 11. Bd2 Rb8 12. a3 Bg4 13. Qc1 Bc5 14. h3 Bh5 15. Ne2 Bxe2 16. Bxe2 Re8 17. Bf3 c6 18. b4 Bd4 19. c3 Be5 20. Qc2 Ne4 21. Bxe4 dxe4 22. Rad1 Qf6 23. Be3 a5 24. Bd4 axb4 25. Bxe5 Rxe5 26. cxb4 c5 27. bxc5 Rb5 28. Rc1 Qc6 29. Qa4 Rexc5 30. Rxc5 Rxc5 31. Qxc6 Rxc6 32. Ra1 Kf8 33. a4 Ke7 34. a5 Ra6 35. Kf1 Kd7 36. Ke2 f5 37. g4 g6 38. Ke3 Ke6 39. gxf5+ gxf5 40. Kf4 Kd5 41. Kxf5 Kd4 42. Ra4+ Kd3 43. Rxe4 Rxa5+ 44. Re5 Ra1 45. Kg6 Rf1 46. Rf5 Ke4 47. f4 1/2-1/2

[Event "Ostrava Konik op-B"]
[Site "Ostrava"]
[Date "2011.05.01"]
[Round "2"]
[White "Grecny, Karol"]
[Black "Pecha, Vladan"]
[Result "1-0"]
[WhiteElo "1982"]
[BlackElo "1810"]
[PlyCount "107"]
[EventDate "2011.04.30"]
[EventType "swiss"]
[EventRounds "9"]
[EventCountry "CZE"]
[SourceTitle "CBM 142 Extra"]
[Source "ChessBase"]
[SourceDate "2011.06.27"]
[SourceVersion "1"]
[SourceVersionDate "2011.06.27"]
[SourceQuality "1"]

1. e4 e5 2. Nf3 Nc6 3. Bb5 a6 4. Ba4 Nf6 5. 0-0 b5 6. Bb3 Bb7 7. c3 Nxe4 8. Re1 Nc5 9. Bc2 Ne6 10. d4 exd4 11. cxd4 Ne7 12. Be3 d5 13. Ne5 g6 14. Qf3 f5 15. Qh3 Bg7 16. f4 0-0 17. Nd2 Rc8 18. b4 Nc6 19. Nxc6 Bxc6 20. Nf3 Qd6 21. Qg3 Rcd8 22. Rab1 Bh6 23. Ne5 Bg7 24. Bb3 Bb7 25. a3 a5 26. h4 axb4 27. axb4 Rf6 28. Bd1 Nf8 29. Be2 c6 30. Bd3 Ra8 31. h5 Ra4 32. Bd2 Bc8 33. Rec1 Bb7 34. Qh4 Ne6 35. hxg6 hxg6 36. Qf2 Ra2 37. Rc2 Ra3 38. Rbc1 Ra6 39. g4 fxg4 40. Bxg6 Nxd4 41. Qxd4 Rxg6 42. Qf2 Bxe5 43. fxe5 Qxe5 44. Bc3 Qe4 45. Re1 Qf3 46. Qd4 Ra8 47. Qh8+ Kf7 48. Qh7+ Kf8 49. Rf2 Qxf2+ 50. Kxf2 Ra2+ 51. Kg3 Ra3 52. Qe7+ Kg8 53. Qe8+ Kh7 54. Qh8# 1-0

[Event "Piestany Pressburg op"]
[Site "Piestany"]
[Date "2009.11.17"]
[Round "1"]
[White "Pecha, Vladan"]
[Black "Bartos, Jan"]
[Result "1/2-1/2"]
[WhiteElo "1869"]
[BlackElo "2229"]
[PlyCount "50"]
[EventDate "2009.11.17"]
[EventType "swiss"]
[EventRounds "7"]
[EventCountry "SVK"]
[SourceTitle "CBM 133 Extra"]
[Source "ChessBase"]
[SourceDate "2010.01.05"]
[SourceVersion "1"]
[SourceVersionDate "2010.01.05"]
[SourceQuality "1"]

1. e4 c5 2. Nf3 Nc6 3. d4 cxd4 4. Nxd4 e5 5. Nb5 d6 6. c4 Be7 7. N1c3 a6 8. Na3 f5 9. exf5 Bxf5 10. g3 Nf6 11. Bg2 0-0 12. 0-0 Qd7 13. Nc2 Rac8 14. Ne3 Be6 15. Ncd5 Bd8 16. b3 Kh8 17. Ba3 Nd4 18. Bb2 Bxd5 19. Nxd5 Nxd5 20. Bxd5 b5 21. Bxd4 exd4 22. Rc1 Bb6 23. Rc2 bxc4 24. Bxc4 a5 25. Qd3 Qf5 1/2-1/2

[Event "Orlova op 5th"]
[Site "Orlova"]
[Date "2008.05.23"]
[Round "7"]
[White "Adamcik, Bohdan"]
[Black "Pecha, Vladan"]
[Result "1-0"]
[WhiteElo "1768"]
[BlackElo "1831"]
[PlyCount "113"]
[EventDate "2008.05.17"]
[EventType "swiss"]
[EventRounds "9"]
[EventCountry "CZE"]
[SourceTitle "EXT 2012"]
[Source "ChessBase"]
[SourceDate "2011.11.24"]
[SourceVersion "1"]
[SourceVersionDate "2011.11.24"]
[SourceQuality "1"]

1. e4 e5 2. Nc3 Nf6 3. Bc4 Nc6 4. d3 Na5 5. Bb3 Nxb3 6. axb3 Be7 7. f4 d6 8. Nf3 exf4 9. Bxf4 0-0 10. 0-0 Bg4 11. Qd2 a6 12. Ne2 Nd7 13. c3 Re8 14. Ned4 Bf6 15. h3 Bxf3 16. Nxf3 Ne5 17. Rae1 d5 18. Nxe5 Bxe5 19. d4 Bxf4 20. Qxf4 Rf8 21. exd5 Qxd5 22. Qxc7 Qxb3 23. Re7 b5 24. Rf2 Qd5 25. Qb7 Qxb7 26. Rxb7 Rab8 27. Rfxf7 Rxb7 28. Rxb7 Rf6 29. Rc7 Rd6 30. b4 h6 31. Kf2 Kh7 32. Rc5 Kg6 33. Ke3 Kf6 34. Ke4 Re6+ 35. Re5 Rc6 36. Rc5 Re6+ 37. Kd5 Re2 38. Rc6+ Kf5 39. g4+ Kf4 40. Rg6 Re3 41. Rxg7 Rxc3 42. h4 Rc4 43. Rg6 Rxb4 44. Rxa6 Kxg4 45. Rxh6 Rb1 46. Rb6 Kxh4 47. Kc5 Kg5 48. Rxb5 Rc1+ 49. Kd6+ Kf6 50. Re5 Ra1 51. Re6+ Kf7 52. Re2 Ra6+ 53. Kc5 Ra5+ 54. Kb4 Rd5 55. Kc4 Rd8 56. d5 Rc8+ 57. Kb5 1-0

[Event "Orlova op 5th"]
[Site "Orlova"]
[Date "2008.05.20"]
[Round "4"]
[White "Pecha, Vladan"]
[Black "Dobes, Vojtech"]
[Result "1/2-1/2"]
[WhiteElo "1831"]
[BlackElo "1775"]
[PlyCount "82"]
[EventDate "2008.05.17"]
[EventType "swiss"]
[EventRounds "9"]
[EventCountry "CZE"]
[SourceTitle "EXT 2012"]
[Source "ChessBase"]
[SourceDate "2011.11.24"]
[SourceVersion "1"]
[SourceVersionDate "2011.11.24"]
[SourceQuality "1"]

1. e4 c5 2. Nf3 e6 3. d4 cxd4 4. Nxd4 Nf6 5. Nc3 Nc6 6. Ndb5 Bb4 7. a3 Bxc3+ 8. Nxc3 d5 9. Bd3 dxe4 10. Nxe4 Nxe4 11. Bxe4 Qxd1+ 12. Kxd1 Bd7 13. Be3 0-0-0 14. Ke2 b6 15. Rhd1 e5 16. Bd5 f6 17. Rd2 Ne7 18. Bb3 Nf5 19. Rad1 Nxe3 20. Kxe3 Bc6 21. Bd5 Kc7 22. Ke4 Rhe8 23. Bxc6 Rxd2 24. Rxd2 Kxc6 25. Kf5 Re7 26. f3 Rd7 27. Rxd7 Kxd7 28. c4 Ke7 29. b4 g6+ 30. Ke4 Kd6 31. g4 Ke6 32. h4 h5 33. gxh5 f5+ 34. Ke3 gxh5 35. Kd3 Kd6 36. Ke3 Kc6 37. Kd3 a5 38. Ke3 axb4 39. axb4 Kd6 40. Kd3 Kc6 41. Kc3 b5 1/2-1/2

[Event "CZE-ch Juniors op-A"]
[Site "Sec u Chrudimi"]
[Date "2008.03.15"]
[Round "9"]
[White "Lamser, Tomas"]
[Black "Pecha, Vladan"]
[Result "0-1"]
[WhiteElo "1967"]
[BlackElo "1818"]
[PlyCount "56"]
[EventDate "2008.03.08"]
[EventType "swiss"]
[EventRounds "9"]
[EventCountry "CZE"]
[SourceTitle "EXT 2009"]
[Source "ChessBase"]
[SourceDate "2008.11.26"]
[SourceVersion "1"]
[SourceVersionDate "2008.11.26"]
[SourceQuality "1"]

1. e4 e5 2. Nf3 Nc6 3. Bc4 Nf6 4. Ng5 d5 5. exd5 Na5 6. Bb5+ c6 7. dxc6 bxc6 8. Be2 h6 9. Nf3 e4 10. Ne5 Bc5 11. c3 Bd6 12. d4 exd3 13. Nxd3 Qc7 14. g3 0-0 15. 0-0 Bf5 16. Bf4 Nc4 17. Bxd6 Qxd6 18. b3 Rad8 19. Nb4 Qc5 20. Qc1 Ne5 21. Nd2 a5 22. Na6 Qb6 23. Nc4 Qxa6 24. Qf4 Nxc4 25. Qxf5 Nd6 26. Bxa6 Nxf5 27. Rad1 Rxd1 28. Rxd1 Nd5 0-1

[Event "CZE-ch Juniors op-A"]
[Site "Sec u Chrudimi"]
[Date "2008.03.10"]
[Round "4"]
[White "Pecha, Vladan"]
[Black "Vozak, Jaromir"]
[Result "0-1"]
[WhiteElo "1818"]
[BlackElo "1910"]
[PlyCount "66"]
[EventDate "2008.03.08"]
[EventType "swiss"]
[EventRounds "9"]
[EventCountry "CZE"]
[SourceTitle "EXT 2009"]
[Source "ChessBase"]
[SourceDate "2008.11.26"]
[SourceVersion "1"]
[SourceVersionDate "2008.11.26"]
[SourceQuality "1"]

1. e4 e6 2. d4 d5 3. Nd2 c5 4. exd5 exd5 5. Ngf3 Nc6 6. Bb5 Qb6 7. Qe2+ Be6 8. Ng5 0-0-0 9. dxc5 Bxc5 10. Bxc6 Qxc6 11. 0-0 Nf6 12. Nxe6 fxe6 13. Nb3 Bb6 14. a4 Rhe8 15. Bf4 e5 16. Bg3 g5 17. a5 Bc7 18. h3 h5 19. Rac1 g4 20. h4 d4 21. Rfd1 Qd5 22. Rd3 Ne4 23. Bh2 Rf8 24. f3 gxf3 25. Rxf3 Rg8 26. g3 Rg4 27. Kg2 Rdg8 28. Kh3 Qe6 29. Kg2 Rxh4 30. Rf8+ Rxf8 31. gxh4 Rf2+ 32. Qxf2 Nxf2 33. Kxf2 Qf5+ 0-1

[Event "Ostrava Konik op-B"]
[Site "Ostrava"]
[Date "2007.05.??"]
[Round "6"]
[White "Pecha, Vladan"]
[Black "Samiec, Pavel"]
[Result "1-0"]
[WhiteElo "1785"]
[BlackElo "1670"]
[PlyCount "111"]
[EventDate "2007.05.??"]
[EventType "swiss"]
[EventRounds "9"]
[EventCountry "CZE"]
[SourceTitle "EXT 2010"]
[Source "ChessBase"]
[SourceDate "2010.11.25"]
[SourceVersion "1"]
[SourceVersionDate "2010.11.25"]
[SourceQuality "1"]

1. e4 d5 2. exd5 Qxd5 3. Nc3 Qa5 4. d4 Nf6 5. Nf3 Bf5 6. Bd2 c6 7. Ne4 Qc7 8. Nxf6+ gxf6 9. Bc4 Nd7 10. c3 e6 11. Nh4 Bg6 12. Nxg6 hxg6 13. g3 0-0-0 14. Bf4 Bd6 15. Be3 Rh7 16. Bd3 Rdh8 17. h4 f5 18. f4 g5 19. g4 Rxh4 20. Rxh4 Rxh4 21. fxg5 Rxg4 22. Be2 Rh4 23. Kd2 Bf4 24. Qg1 Bxe3+ 25. Qxe3 Re4 26. Qf2 Qf4+ 27. Qxf4 Rxf4 28. Rh1 e5 29. Rh8+ Kc7 30. Rh7 exd4 31. Rxf7 dxc3+ 32. Kxc3 Kd6 33. g6 Re4 34. g7 Re8 35. Bc4 Re3+ 36. Kd2 Rg3 37. Rxd7+ Kxd7 38. g8Q Rxg8 39. Bxg8 Kd6 40. Ke3 Kc5 41. Bh7 f4+ 42. Kxf4 Kd4 43. Kf3 b5 44. Ke2 c5 45. Kd2 a5 46. Kc2 a4 47. Bg6 b4 48. b3 a3 49. Bd3 Ke3 50. Bc4 Ke4 51. Kd2 Kd4 52. Bd3 Ke5 53. Ke3 Kd5 54. Be4+ Ke5 55. Kd3 c4+ 56. Kxc4 1-0

[Event "Ostrava Konik op-B"]
[Site "Ostrava"]
[Date "2007.05.??"]
[Round "7"]
[White "Pecha, Vladan"]
[Black "Vicha, Martin"]
[Result "1/2-1/2"]
[WhiteElo "1785"]
[BlackElo "1890"]
[PlyCount "66"]
[EventDate "2007.05.??"]
[EventType "swiss"]
[EventRounds "9"]
[EventCountry "CZE"]
[SourceTitle "EXT 2010"]
[Source "ChessBase"]
[SourceDate "2010.11.25"]
[SourceVersion "1"]
[SourceVersionDate "2010.11.25"]
[SourceQuality "1"]

1. e4 e5 2. Nf3 Nc6 3. Nc3 Bc5 4. Nxe5 Nxe5 5. d4 Bd6 6. dxe5 Bxe5 7. Bd2 g6 8. Bd3 d6 9. f4 Bd4 10. Qe2 h5 11. f5 g5 12. 0-0-0 f6 13. h4 g4 14. Nd5 c6 15. Nf4 Ne7 16. Bc4 Be5 17. Ng6 Nxg6 18. fxg6 Qe7 19. Bf7+ Kf8 20. Qc4 Kg7 21. Rhf1 Bd7 22. Bf4 Raf8 23. Bxe5 dxe5 24. Rd2 Be8 25. Bxe8 Qxe8 26. Rfd1 b5 27. Rd7+ Kxg6 28. Qxc6 Rf7 29. Qb7 Rhh7 30. Rxf7 Rxf7 31. Qa6 Rd7 32. Rf1 Rf7 33. Rd1 Rd7 1/2-1/2

[Event "Ostrava Konik op-B"]
[Site "Ostrava"]
[Date "2007.05.??"]
[Round "1"]
[White "Valencik, Jozef"]
[Black "Pecha, Vladan"]
[Result "0-1"]
[WhiteElo "1705"]
[BlackElo "1785"]
[PlyCount "70"]
[EventDate "2007.05.??"]
[EventType "swiss"]
[EventRounds "9"]
[EventCountry "CZE"]
[SourceTitle "EXT 2010"]
[Source "ChessBase"]
[SourceDate "2010.11.25"]
[SourceVersion "1"]
[SourceVersionDate "2010.11.25"]
[SourceQuality "1"]

1. e4 e5 2. Nc3 Nf6 3. f4 d5 4. fxe5 Nxe4 5. Qf3 Nxc3 6. Qxc3 Qh4+ 7. Kd1 Nc6 8. Bb5 Bd7 9. Bxc6 Bxc6 10. d4 Qg4+ 11. Nf3 Qxg2 12. Rg1 Qh3 13. Bf4 Bb4 14. Qe3 0-0-0 15. c3 Bf8 16. Kd2 h6 17. Rg3 Qf5 18. Rg2 g5 19. Bg3 Re8 20. Rf2 Qe6 21. Raf1 f6 22. Qd3 f5 23. Rg2 a6 24. Qc2 Bb5 25. Re1 f4 26. Bf2 g4 27. Nh4 f3 28. Rgg1 h5 29. Nf5 Bd7 30. Ne3 Bh6 31. Kd1 Ref8 32. b3 Bf4 33. Nf1 Bb5 34. Bg3 Bxg3 35. Nxg3 f2 0-1

[Event "CZE-chT2f 0607"]
[Site "Czech Republic"]
[Date "2007.02.25"]
[Round "8.6"]
[White "Zalesky, Karel"]
[Black "Pecha, Vladan"]
[Result "1-0"]
[WhiteElo "2051"]
[BlackElo "1794"]
[PlyCount "101"]
[EventDate "2006.10.14"]
[EventType "team"]
[EventRounds "11"]
[EventCountry "CZE"]
[SourceTitle "EXT 2009"]
[Source "ChessBase"]
[SourceDate "2008.11.26"]
[SourceVersion "1"]
[SourceVersionDate "2008.11.26"]
[SourceQuality "1"]

1. e4 e5 2. Nf3 Nc6 3. Bb5 a6 4. Ba4 Nf6 5. 0-0 b5 6. Bb3 Bb7 7. d3 Bc5 8. Bg5 0-0 9. a4 d6 10. Nc3 Nd4 11. Nxd4 Bxd4 12. Qf3 c6 13. Nd1 h6 14. Bxf6 Qxf6 15. Qxf6 gxf6 16. c3 Bb6 17. Ne3 Kh7 18. Nf5 Bc7 19. axb5 axb5 20. Rxa8 Bxa8 21. Ra1 Bb7 22. Ra7 Ra8 23. Rxa8 Bxa8 24. Bxf7 d5 25. exd5 cxd5 26. Be8 b4 27. cxb4 Bb7 28. b5 d4 29. Bc6 Bc8 30. Be4 Bxf5 31. Bxf5+ Kg7 32. Be6 Kf8 33. g3 Ke7 34. Bc4 Kf8 35. Kg2 Kg7 36. Kf3 f5 37. Bd5 Kf6 38. h3 Kg5 39. h4+ Kf6 40. Kg2 Kg6 41. Bc6 Kf6 42. Bd5 Kg6 43. f3 Kf6 44. g4 fxg4 45. fxg4 Kg6 46. Kf3 Kf6 47. Ke4 Ke7 48. g5 hxg5 49. hxg5 Kf8 50. Kf5 Kg7 51. g6 1-0

[Event "CZE-chT2f 0607"]
[Site "Czech Republic"]
[Date "2007.02.11"]
[Round "7.7"]
[White "Pecha, Vladan"]
[Black "Weczerek, Marek"]
[Result "0-1"]
[WhiteElo "1794"]
[BlackElo "2086"]
[PlyCount "80"]
[EventDate "2006.10.14"]
[EventType "team"]
[EventRounds "11"]
[EventCountry "CZE"]
[SourceTitle "EXT 2009"]
[Source "ChessBase"]
[SourceDate "2008.11.26"]
[SourceVersion "1"]
[SourceVersionDate "2008.11.26"]
[SourceQuality "1"]

1. e4 e5 2. Nf3 Nf6 3. Nc3 Nc6 4. d4 Bb4 5. Nxe5 Qe7 6. Nxc6 Qxe4+ 7. Qe2 dxc6 8. Bd2 Qxe2+ 9. Bxe2 Bf5 10. 0-0-0 0-0-0 11. Bg5 Rd6 12. Bxf6 Rxf6 13. f3 Re8 14. Bd3 Bxd3 15. Rxd3 Rg6 16. g3 f5 17. Nd1 Rge6 18. c3 Bf8 19. f4 g6 20. Rf1 Re4 21. Rf2 c5 22. d5 c4 23. Rdd2 Bc5 24. Rg2 Re1 25. Kc2 Kd7 26. a4 Kd6 27. b3 cxb3+ 28. Kxb3 R8e4 29. c4 Be3 30. Rd3 Kc5 31. Nxe3 R1xe3 32. Rxe3 Rxe3+ 33. Kb2 a5 34. Rd2 b6 35. d6 cxd6 36. Rd5+ Kc6 37. Rd2 Kc5 38. Rd5+ Kxc4 39. Rxd6 Re2+ 40. Kc1 Kc5 0-1

[Event "Karvina op"]
[Site "Karvina"]
[Date "2007.??.??"]
[Round "7"]
[White "Omasta, Dusan"]
[Black "Pecha, Vladan"]
[Result "1/2-1/2"]
[WhiteElo "1845"]
[BlackElo "1795"]
[PlyCount "103"]
[EventDate "2007.07.??"]
[EventType "swiss"]
[EventRounds "9"]
[EventCountry "CZE"]
[SourceTitle "EXT 2010"]
[Source "ChessBase"]
[SourceDate "2010.11.25"]
[SourceVersion "1"]
[SourceVersionDate "2010.11.25"]
[SourceQuality "1"]

1. c4 f5 2. g3 Nf6 3. Bg2 e6 4. Nc3 c6 5. a3 d5 6. cxd5 exd5 7. d4 Bd6 8. Nf3 0-0 9. Ne5 Qc7 10. f4 Nbd7 11. 0-0 Ne4 12. Qb3 Qb6 13. Qxb6 Nxb6 14. Nxe4 fxe4 15. b3 Be6 16. e3 Rac8 17. a4 Bb4 18. Ba3 Bxa3 19. Rxa3 c5 20. a5 Nd7 21. Rc1 cxd4 22. Rxc8 Rxc8 23. exd4 Nxe5 24. fxe5 Rc1+ 25. Kf2 Rc2+ 26. Kg1 Rd2 27. Ra4 Bd7 28. Rb4 Bc6 29. Bh3 e3 30. Bc8 Rxh2 31. Kf1 Ra2 32. Bxb7 Bxb7 33. Rxb7 Rxa5 34. Ke2 Ra6 35. Kxe3 g5 36. Kd3 h5 37. Rb5 h4 38. gxh4 gxh4 39. Rxd5 h3 40. e6 Rxe6 41. Rh5 Rb6 42. Kc4 Rc6+ 43. Kb4 Rb6+ 44. Kc3 Rc6+ 45. Kb2 Rd6 46. Rxh3 Rxd4 47. Rf3 Rd7 48. Ka3 Rf7 49. Rxf7 Kxf7 50. Ka4 Ke6 51. Ka5 Kd6 52. b4 1/2-1/2

[Event "Karvina op"]
[Site "Karvina"]
[Date "2007.??.??"]
[Round "1"]
[White "Pecha, Vladan"]
[Black "Lys, Josef"]
[Result "0-1"]
[WhiteElo "1810"]
[BlackElo "2268"]
[PlyCount "62"]
[EventDate "2007.07.??"]
[EventType "swiss"]
[EventRounds "9"]
[EventCountry "CZE"]
[SourceTitle "EXT 2010"]
[Source "ChessBase"]
[SourceDate "2010.11.25"]
[SourceVersion "1"]
[SourceVersionDate "2010.11.25"]
[SourceQuality "1"]

1. e4 e5 2. Nf3 d6 3. d4 exd4 4. Nxd4 Nf6 5. Nc3 Be7 6. Be2 0-0 7. Be3 Re8 8. 0-0 Bf8 9. Bf3 Nbd7 10. Re1 h6 11. Nf5 Ne5 12. Ng3 Nxf3+ 13. gxf3 Nh7 14. Nd5 c6 15. Nf4 Qf6 16. c3 Ng5 17. Kg2 g6 18. h4 Nh7 19. h5 g5 20. Nd3 c5 21. e5 Qe6 22. Rh1 c4 23. Nb4 dxe5 24. Qd5 f5 25. Nxf5 Bxb4 26. Nxh6+ Kg7 27. Qxe6 Bxe6 28. Ng4 Bd6 29. Rad1 Bc7 30. Rd2 a6 31. Rhd1 Rf8 0-1

[Event "CZE-ch Juniors op-A"]
[Site "Zlate Hory"]
[Date "2006.03.14"]
[Round "4"]
[White "Pecha, Vladan"]
[Black "Langner, Jakub"]
[Result "1-0"]
[WhiteElo "1817"]
[BlackElo "1942"]
[PlyCount "65"]
[EventDate "2006.03.11"]
[EventType "swiss"]
[EventRounds "9"]
[EventCountry "CZE"]
[SourceTitle "EXT 2008"]
[Source "ChessBase"]
[SourceDate "2007.11.25"]
[SourceVersion "1"]
[SourceVersionDate "2007.11.25"]
[SourceQuality "1"]

1. e4 c5 2. Nf3 e6 3. d4 cxd4 4. Nxd4 Nf6 5. Nc3 Nc6 6. Ndb5 Bb4 7. a3 Bxc3+ 8. Nxc3 d5 9. Bd3 0-0 10. 0-0 d4 11. Ne2 e5 12. f4 Bg4 13. h3 Bxe2 14. Qxe2 Rc8 15. b4 Re8 16. Bb2 a6 17. b5 axb5 18. Bxb5 Qb6 19. Kh1 Nxe4 20. Qxe4 Qxb5 21. Rab1 Qc5 22. fxe5 Rxe5 23. Qd3 Rce8 24. c3 Re2 25. cxd4 Qg5 26. Qf3 f6 27. d5 Nb8 28. Bc1 Qe5 29. Bf4 Qe7 30. d6 Qd8 31. Rxb7 R8e6 32. Qg4 R2e4 33. Qxg7# 1-0

[Event "CZE-ch Juniors op-A"]
[Site "Zlate Hory"]
[Date "2006.03.12"]
[Round "2"]
[White "Pecha, Vladan"]
[Black "Bilek, Vlastimil"]
[Result "1/2-1/2"]
[WhiteElo "1817"]
[BlackElo "1565"]
[PlyCount "52"]
[EventDate "2006.03.11"]
[EventType "swiss"]
[EventRounds "9"]
[EventCountry "CZE"]
[SourceTitle "EXT 2008"]
[Source "ChessBase"]
[SourceDate "2007.11.25"]
[SourceVersion "1"]
[SourceVersionDate "2007.11.25"]
[SourceQuality "1"]

1. e4 e5 2. Nf3 Nf6 3. Nc3 Nc6 4. Bb5 Nd4 5. Ba4 Nxf3+ 6. Qxf3 c6 7. 0-0 d6 8. d3 a5 9. a3 b5 10. Bb3 Bg4 11. Qg3 Qd7 12. h3 Bh5 13. f4 exf4 14. Bxf4 Bg6 15. Qh2 Be7 16. e5 dxe5 17. Bxe5 0-0 18. Rae1 a4 19. Ba2 Rae8 20. Qf4 Nh5 21. Qf3 Bc5+ 22. Kh1 Bd6 23. Bxd6 Rxe1 24. Rxe1 Qxd6 25. Ne4 Bxe4 26. Qxh5 Bg6 1/2-1/2

[Event "CZE-chT2f 0506"]
[Site "Czech Republic"]
[Date "2005.11.06"]
[Round "2.8"]
[White "Cujdik, Jiri"]
[Black "Pecha, Vladan"]
[Result "1-0"]
[WhiteElo "2096"]
[BlackElo "1834"]
[PlyCount "91"]
[EventDate "2005.10.16"]
[EventType "team"]
[EventRounds "11"]
[EventCountry "CZE"]
[SourceTitle "EXT 2009"]
[Source "ChessBase"]
[SourceDate "2008.11.26"]
[SourceVersion "1"]
[SourceVersionDate "2008.11.26"]
[SourceQuality "1"]

1. d4 f5 2. Nf3 Nf6 3. g3 e6 4. Bg2 d5 5. 0-0 Bd6 6. b3 Qe7 7. a4 0-0 8. c4 c6 9. Ba3 Bxa3 10. Nxa3 Bd7 11. Nc2 Be8 12. Nce1 Nbd7 13. Nd3 Ne4 14. Nfe5 Nxe5 15. Nxe5 Bh5 16. f3 Nf6 17. Qd2 Nd7 18. Nxd7 Qxd7 19. f4 a5 20. c5 Rfb8 21. b4 axb4 22. a5 Qc7 23. Qxb4 Bxe2 24. Rfe1 Bd3 25. Rxe6 Be4 26. Bf1 Kf7 27. Re5 Ra7 28. Qb6 Qxb6 29. cxb6 Raa8 30. Kf2 h6 31. Ke3 g5 32. Kd2 gxf4 33. gxf4 Rg8 34. a6 bxa6 35. Rxa6 Rxa6 36. Bxa6 Rg2+ 37. Kc3 Rc2+ 38. Kb4 Rxh2 39. Kc5 h5 40. b7 Rb2 41. Kxc6 Rxb7 42. Bxb7 h4 43. Bc8 h3 44. Bxf5 h2 45. Bxe4 dxe4 46. Rh5 1-0

[Event "Ostrava SME op"]
[Site "Ostrava"]
[Date "2005.05.08"]
[Round "9"]
[White "Rakus, Pavel"]
[Black "Pecha, Vladan"]
[Result "1-0"]
[WhiteElo "2083"]
[BlackElo "1905"]
[PlyCount "46"]
[EventDate "2005.04.30"]
[EventType "swiss"]
[EventRounds "9"]
[EventCountry "CZE"]
[SourceTitle "CBM 106 Extra"]
[Source "ChessBase"]
[SourceDate "2005.07.01"]
[SourceVersion "1"]
[SourceVersionDate "2005.07.01"]
[SourceQuality "1"]

1. Nf3 f5 2. e4 fxe4 3. Ng5 Nf6 4. d3 exd3 5. Bxd3 e6 6. Nxh7 d5 7. Bg6+ Kd7 8. Ng5 Qe7 9. 0-0 Nc6 10. Re1 Nd8 11. f4 Qd6 12. h3 Qb6+ 13. Kh1 c5 14. f5 exf5 15. Nc3 Qc6 16. Nf3 Kc7 17. Ne5 Qa6 18. Bf4 Bd6 19. a4 Bd7 20. Bh2 d4 21. Nxd7 Bxh2 22. Nb5+ Kxd7 23. Bxf5+ Ne6 1-0